De lengua, estilo, conversación y bagatelas

Պահպանված է:
Մատենագիտական մանրամասներ
Հիմնական հեղինակ: Swift, Jonathan (Հեղինակ)
Ձևաչափ: Գիրք
Լեզու:իսպաներեն
Հրապարակվել է: Santiago Tajamar Editores 2013
Հրատարակություն:1a. ed
Խորագրեր:
Ցուցիչներ: Ավելացրեք ցուցիչ
Չկան պիտակներ, Եղեք առաջինը, ով նշում է այս գրառումը!

MARC

LEADER 00000cam a2200000 a 4500
001 UCD5431
003 CL-VaPUC
008 160908e20130000cl |||||||||||||||||spa|d
020 |a 9789569043574 
082 0 4 |a 827  |b SWI  |2 21 
100 0 |a Swift, Jonathan  |e author  |9 265806 
245 1 0 |a De lengua, estilo, conversación y bagatelas 
250 |a 1a. ed 
300 |a 267 p 
942 |c BK 
945 |d 20160908 17:07:00  |a dcastane 
260 |a Santiago  |b Tajamar Editores  |c 2013 
650 7 |a SATIRAS INGLESAS  |2 CL-VaPUC  |9 265573 
650 0 |a Literatura inglesa  |9 312907 
583 |a last modification  |c 20160908 17:07:00  |k Rodrigo Vera 
999 |c 366093  |d 366091 
952 |0 0  |1 0  |3 erb  |4 0  |6 827_000000000000000_SWI_2013  |7 0  |8 A  |9 480121  |a BIBART  |b BIBART  |i 5340462  |o 827 SWI 2013  |p 5340462  |r 2025-03-13  |w 2019-11-24  |y BK  |z Catalogado en:20160908  |k ART